| 000 | 00420nam a2200157Ia 4500 | ||
|---|---|---|---|
| 008 | 151213s9999 xx 000 0 und d | ||
| 100 | _aLate Sailendra Brwas | ||
| 245 |
_aSamsad English - Bengali Dictionary _cLate Sailendra Brwas |
||
| 250 | _a5th | ||
| 260 |
_aCalcata _bShaitya Samsad _c2005 |
||
| 300 | _a2348 p. | ||
| 650 | _aDictionary | ||
| 650 | _aReference | ||
| 700 | _aLate Sailendra Brwas | ||
| 999 |
_c1658 _d1658 |
||